| 000 | 00595nam a22001457a 4500 | ||
|---|---|---|---|
| 001 | 86383 | ||
| 003 | BD-RjUL | ||
| 005 | 20260422103511.0 | ||
| 008 | 260422b |||||||| |||| 00| 0 eng d | ||
| 035 | _a 86383 | ||
| 100 |
_aجلال ابادی، جلال الدین ;; Jalalabadi, Jalaluddin _qجلال الدین جلال ابادی ;; Jalaluddin Jalalabadi, _918181 |
||
| 245 |
_aمفتاح العلوم والفنون ;; Miftah Al-Uloom al funun / _cجلال الدین جلال الدین جلال ابادی ;; Jalaluddin Jalaluddin Jalalabadi |
||
| 300 |
_a160 p.; _c17 cm |
||
| 942 |
_2ddc _cBK |
||
| 999 |
_c86383 _d86383 |
||